000 00411nam a22001577a 4500
020 _a978-93-5962-293-4
082 _a894.812
_bBAI/L
100 _aBAIJU N NAIR
245 _aLONDONILEKKU ORU ROAD YATHRA
246 _aLONDONILEKKU ORU ROAD YATHRA
_bLONDONILEKKU ORU ROAD YATHRA
260 _aINDIA
_bMATHRUBHUMI
_c2024
300 _a366
520 _aTRAVELOGUE
650 _aMALAYALAM TRAVALOGUE
942 _cBK
999 _c8761
_d8761